Russia : the Eurasian republics and Central/Eastern Europe
This tenth edition of Global Studies: Russia, The Eurasian Republics, and Central/Eastern Europe continues to provide introductory essays, up-to-date background information, and current statistics on the region. A collection of world press articles, topically arranged, complements the background inf...
Enregistré dans:
| Auteur principal: | |
|---|---|
| Format: | Livre |
| Langue: | Undetermined |
| Publié: |
Dubuque, IA
McGraw-Hill/Dushkin
2005
|
| Sujets: | |
| Tags: |
Ajouter un tag
Pas de tags, Soyez le premier à ajouter un tag!
|
| Thư viện lưu trữ: | Trung tâm Học liệu Trường Đại học Cần Thơ |
|---|
| LEADER | 01083nam a2200229Ia 4500 | ||
|---|---|---|---|
| 001 | CTU_140490 | ||
| 008 | 210402s9999 xx 000 0 und d | ||
| 020 | |c 33.44 | ||
| 082 | |a 947 | ||
| 082 | |b G618 | ||
| 100 | |a Goldman, Minton F | ||
| 245 | 0 | |a Russia : | |
| 245 | 4 | |b the Eurasian republics and Central/Eastern Europe | |
| 245 | 0 | |c Minton F Goldman | |
| 260 | |a Dubuque, IA | ||
| 260 | |b McGraw-Hill/Dushkin | ||
| 260 | |c 2005 | ||
| 520 | |a This tenth edition of Global Studies: Russia, The Eurasian Republics, and Central/Eastern Europe continues to provide introductory essays, up-to-date background information, and current statistics on the region. A collection of world press articles, topically arranged, complements the background information. | ||
| 650 | |a Russia (Federation),Europe, Eastern,Nước Nga (liên bang),Đông Âu | ||
| 650 | |x Politics and government.,Politics and government.,Nhà nước và pháp quyền,Nhà nước và pháp quyền | ||
| 904 | |i Huỳnh Mai | ||
| 980 | |a Trung tâm Học liệu Trường Đại học Cần Thơ | ||